[Event "Zagreb Open 2011 Grupo A"]
[Site "Zagreb CRO"]
[Date "2011.04.18"]
[Round "9.19"]
[White "Zelic, Mladen"]
[Black "Loncar, Robert"]
[Result "0-1"]
[WhiteElo "2274"]
[BlackElo "2394"]
[PlyCount "94"]
[EventDate "2011.04.11"]
[EventType "swiss"]
[EventRounds "9"]
[EventCountry "CRO"]
[Source "lmi"]
[SourceDate "2011.04.11"]

1. e4 e5 2. Nf3 Nc6 3. c3 Nf6 4. d4 exd4 5. e5 Nd5 6. cxd4 Bb4+ 7. Bd2 Bxd2+ 8.
Qxd2 O-O 9. Nc3 Nxc3 10. bxc3 d6 11. exd6 Qxd6 12. Be2 Bf5 13. O-O h6 14. Rfe1
Be4 15. Rad1 Rfe8 16. Qb2 Re7 17. Nd2 Rae8 18. Bf3 Bxf3 19. Nxf3 b6 20. Qd2 Qd5
21. h3 Na5 22. Rxe7 Rxe7 23. Re1 Nc4 24. Qf4 Rxe1+ 25. Nxe1 Nd6 26. a3 Qb3 27.
Qf3 Qxa3 28. Qc6 Qa1 29. Kf1 Qa6+ 30. Kg1 Qc4 31. Qa8+ Kh7 32. Qxa7 Qxc3 33.
Nf3 b5 34. Ne5 b4 35. Nd7 Qc6 36. Nc5 Nf5 37. Qa1 Qd5 38. Qb1 g6 39. Qxb4 Nh4
40. Kf1 Qxg2+ 41. Ke1 Qxh3 42. Qc4 Qf3 43. Nd3 c6 44. Kd2 Qd5 45. Qb4 Nf5 46.
Kc3 Nd6 47. Ne5 c5 0-1

[Event "Zagreb Open 2011 Grupo A"]
[Site "Zagreb CRO"]
[Date "2011.04.18"]
[Round "9.20"]
[White "Efroimski, Marsel"]
[Black "Jusic, Zdenko"]
[Result "1-0"]
[WhiteElo "2222"]
[BlackElo "2373"]
[PlyCount "159"]
[EventDate "2011.04.11"]
[EventType "swiss"]
[EventRounds "9"]
[EventCountry "CRO"]
[Source "lmi"]
[SourceDate "2011.04.11"]

1. e4 e5 2. Nf3 Nc6 3. Bc4 d6 4. c3 Qf6 5. d3 h6 6. Nbd2 Nge7 7. h3 Qg6 8. g4
Be6 9. Bb5 a6 10. Ba4 b5 11. Bc2 Qf6 12. Nf1 Ng6 13. a4 b4 14. a5 b3 15. Bb1
Nf4 16. Ne3 Rb8 17. Nf5 h5 18. g5 Qd8 19. Bxf4 exf4 20. Qd2 g6 21. N5h4 Rb5 22.
d4 Rxa5 23. Rxa5 Nxa5 24. d5 Bd7 25. Qxf4 Qe7 26. Qf6 Qxf6 27. gxf6 Bh6 28. e5
dxe5 29. Nxe5 Bg5 30. Nhxg6 Rg8 31. Rg1 Bh6 32. Nxd7 Bf4 33. Nc5 Nc4 34. Rg2
Bd6 35. Nxb3 fxg6 36. Rxg6 Rf8 37. Nd4 Be5 38. Ne6 Rxf6 39. f4 Rxf4 40. Nxf4
Bxf4 41. Rxa6 Nxb2 42. Bg6+ Kd8 43. Bxh5 Nd3+ 44. Ke2 Nc5 45. Rg6 Be5 46. c4
Ke7 47. Bg4 Bf6 48. Bf5 Nb3 49. Bc2 Nd4+ 50. Kd3 Nf3 51. Rg8 Ne5+ 52. Kd4 Nd7+
53. Ke4 Ne5 54. c5 Nd7 55. d6+ cxd6 56. c6 Nc5+ 57. Kd5 Ne6 58. Bb3 Nc7+ 59.
Ke4 d5+ 60. Bxd5 Kd6 61. Bb3 Be7 62. Rg6+ Kc5 63. Ba4 Kb4 64. Rg7 Bd6 65. Rd7
Bg3 66. Rd4+ Kc5 67. Rd3 Be1 68. Rd1 Bg3 69. Rc1+ Kb4 70. Bd1 Ne6 71. Bg4 Nc5+
72. Kd5 Na6 73. Rb1+ Kc3 74. Rf1 Kd2 75. Rf3 Bc7 76. Bd7 Ke2 77. Ra3 Nb4+ 78.
Kc4 Bd6 79. Ra7 Nd3 80. c7 1-0

[Event "Zagreb Open 2011 Grupo A"]
[Site "Zagreb CRO"]
[Date "2011.04.18"]
[Round "9.21"]
[White "Ivekovic, Zvonimir"]
[Black "Kantorik, Marian"]
[Result "1-0"]
[WhiteElo "2308"]
[BlackElo "2320"]
[PlyCount "69"]
[EventDate "2011.04.11"]
[EventType "swiss"]
[EventRounds "9"]
[EventCountry "CRO"]
[Source "lmi"]
[SourceDate "2011.04.11"]

1. e4 c6 2. c4 d5 3. exd5 cxd5 4. cxd5 Nf6 5. Nf3 Nxd5 6. Nc3 Nc6 7. d4 e6 8.
Bd3 Be7 9. O-O O-O 10. Re1 b6 11. Nxd5 exd5 12. Bxh7+ Kxh7 13. Qc2+ Kg8 14.
Qxc6 Bf5 15. Bf4 Be4 16. Ne5 Rc8 17. Qa4 Bg5 18. Bg3 a5 19. f3 Bf5 20. Re2 Kh7
21. Rae1 f6 22. Ng4 Rc4 23. Qd1 Rc1 24. Qb3 Rc4 25. h4 Bc1 26. Ne3 Bxe3+ 27.
Qxe3 b5 28. Qf4 Bg6 29. h5 Bxh5 30. Qh4 g6 31. Re7+ Kg8 32. Bf2 f5 33. Qf4 Rc8
34. Bh4 Qb6 35. R1e6 1-0

[Event "Zagreb Open 2011 Grupo A"]
[Site "Zagreb CRO"]
[Date "2011.04.18"]
[Round "9.22"]
[White "Kristovic, Marijan"]
[Black "Franciskovic, Borka"]
[Result "1/2-1/2"]
[WhiteElo "2320"]
[BlackElo "2302"]
[PlyCount "61"]
[EventDate "2011.04.11"]
[EventType "swiss"]
[EventRounds "9"]
[EventCountry "CRO"]
[Source "lmi"]
[SourceDate "2011.04.11"]

1. e4 c6 2. Nf3 d5 3. Nc3 a6 4. a4 Bg4 5. Be2 e6 6. O-O Nf6 7. Ne5 Bxe2 8. Qxe2
dxe4 9. Nxe4 Nxe4 10. Qxe4 Nd7 11. Re1 Nxe5 12. Qxe5 Qd5 13. d3 Qxe5 14. Rxe5
Bd6 15. Re4 Ke7 16. a5 Rad8 17. Kf1 Rd7 18. Ke2 Re8 19. Bf4 Bxf4 20. Rxf4 h5
21. Rb4 Kd8 22. Ra3 Ree7 23. Rab3 Kc8 24. Ke3 Rd5 25. Ra3 Red7 26. h4 Rf5 27.
f3 Rdd5 28. Rab3 Rd7 29. Ra3 Rdd5 30. Rab3 Rd7 31. Ra3 1/2-1/2